Normal view MARC view
  • Dick, Richard A

Entry Personal Name

Number of records used in: 1

001 - CONTROL NUMBER

  • control field: 42579

003 - CONTROL NUMBER IDENTIFIER

  • control field: NUST

005 - DATE AND TIME OF LATEST TRANSACTION

  • control field: 20210314132345.0

008 - FIXED-LENGTH DATA ELEMENTS

  • fixed length control field: 210314|| aca||aabn | a|a d

040 ## - CATALOGING SOURCE

  • Original cataloging agency: NUST
  • Transcribing agency: NUST

100 ## - HEADING--PERSONAL NAME

  • Personal name: Dick, Richard A

670 ## - SOURCE DATA FOUND

  • Source citation: Work cat.: (NUST): Dick, Richard A., Explosives and blasting procedures manual /, [1982]
© 2023 Central Library, National University of Sciences and Technology. All Rights Reserved.